00820nam a2200157 a 4500008004100000050002500041110006000066245013600126260007700262300001600339500013700355650005200492650002800544650003100572650005900603150917s2014 ||||||||||||||||| || u aZIPAR(05)PB/2014/14A aZambia Institute for Policy Analysis & Research (ZIPAR)10aMaking every kilometre count: prioritizing road infrastructure spendingcby Zambia Institute for Policy Analysis & Research (ZIPAR) aLusaka:bZambia Institute for Policy Analysis and Research (ZIPAR)c2014 a[4p.]: ill. aBased on the report optimization study for core road network planning to link Zambia by ROM Transportation Engineering, January 2014 aINFRASTRUCTURE DEVELOPMENT--ZAMBIA--PERIODICALS aPOLICY ANALYSIS--ZAMBIA aTRANSPORT PROJECTS--ZAMBIA aPOLICY AND PLANNING--RESEARCH--INFRASTRUCTURE PROJECTS